Faktory úspešnosti zavádzania a využívania Business Intelligence v riadení podnikov
Salvato in:
| Autore principale: | |
|---|---|
| Altri autori: | , , , |
| Natura: | Libro |
| Lingua: | slovacco |
| Pubblicazione: |
Košice
VÚSI
2016
|
| Edizione: | 1. vyd. |
| Serie: | Ekonómia a manažment
|
| Soggetti: | |
| Tags: |
Nessun Tag, puoi essere il primo ad aggiungerne!!
|
MARC
| LEADER | 00000nam a2200000 4500 | ||
|---|---|---|---|
| 001 | 0228660 | ||
| 005 | 20240502073747.9 | ||
| 020 | |a 978-80-89383-35-1 | ||
| 041 | 0 | |a slo | |
| 044 | |a SK | ||
| 245 | 1 | 0 | |a Faktory úspešnosti zavádzania a využívania Business Intelligence v riadení podnikov |c Štefan Čarnický, Martina Habiňaková, Jaroslav Dugas ; recenzenti: Mojmír Kokles, Peter Mesároš |
| 250 | |a 1. vyd. | ||
| 264 | 1 | |a Košice |b VÚSI |c 2016 | |
| 300 | |a 108 s. [6 AH] | ||
| 490 | 1 | |a Ekonómia a manažment | |
| 830 | 0 | |a Ekonómia a manažment | |
| 610 | 2 | 0 | |a business intelligence |
| 610 | 2 | 0 | |a riadenie podnikové |
| 610 | 2 | 0 | |a systémy informačné podnikové |
| 610 | 2 | 0 | |a zber dát |
| 100 | 1 | |a Čarnický, Štefan | |
| 700 | 1 | |a Habiňaková, Martina | |
| 700 | 1 | |a Dugas, Jaroslav, 1967- | |
| 700 | 1 | |a Kokles, Mojmír | |
| 700 | 1 | |a Mesároš, Peter | |